000 00388nam a2200145 i 4500
001 bg
100 1 _aMRÓZ, Z.
245 0 _aAnaliza nośności ściskanego pasma z materiału sprężysto-plastycznego... /
_cZ. Mróz, B. Zadroga.
260 _aWarszawa,
_c1980.
700 1 _aZADROGA, B.
040 _cBPK
041 _apol
942 _cKS
008 s pl f |000 0 pol
999 _c20866
_d20866
856 _uhttp://koha.tu.koszalin.pl/cgi-bin/koha/opac-detail.pl?biblionumber=20866
_yKatalog online BPK